000 01134nam a22003137a 4500
003 CHAP
005 20220329142354.0
008 001010d1993 mx a r 00110 esp d
010 _a82519
011 _a83491
020 _a9683633633
035 _a94004
040 _cCHAP
082 0 4 _a719.32
_bL8
100 0 0 _aLuna Vega, Isolda
_e, ed.
_969127
245 1 0 _aHistoria natural del Parque Ecológico Estatal Omiltemi, Chilpancingo, Guerrero, México
_c/ed. por Isolda Luna Vega y Jorge Llorente Bousquets
260 _aMéxico, D.F. :
_bUniversidad Nacional Autónoma de México. Facultad de Ciencias
_c1993.
300 _a588 p. :
_bilus.
590 _aBATCH-UPD
_b10
_c20130110
_lUCH01
_h0324
590 _aBATCH-UPD
_b10
_c20130110
_lUCH01
_h2053
590 _aCONVERSION
_b10
_c20130109
_lUCH01
_h1346
650 _aParque Ecológico Estatal Omiltemi, Gro.
_985666
650 _aParques nacionales
_xGuerrero
_985709
700 0 _aLlorente Bousquets, Jorge
_e, ed.
_967289
901 _aBK
905 _aPatricia Mendoza P.
942 _cLIBRO
949 _a719.32 L8
_bBC
_cC
_d33724000787461
_eC
_g207173
_h98727
_i94004
_sex
_t$168.80
999 _c82519
_d82519